| 000 | 00567nam a2200205 u 4500 | ||
|---|---|---|---|
| 005 | 20230223063535.0 | ||
| 008 | 101207s2008 ag r 000 0 spa d | ||
| 020 | _a9789876150125 | ||
| 035 | _aUPN01000178897 | ||
| 049 | _aCG | ||
| 050 | 4 |
_aHD57.7 _bS4.5 |
|
| 100 | 1 | _aSelman, Jim | |
| 245 | 1 | 0 |
_aLiderazgo / _cJim Selman ; tr. de Claudia Calvosa. |
| 260 |
_aArgentina : _bPearson, _c2008. |
||
| 300 | _a164 p. : | ||
| 650 | 4 |
_aLiderazgo _95345 |
|
| 650 | 4 |
_aHABILIDAD EJECUTIVA _97047 |
|
| 650 | 2 |
_aAdministración _xEstudio y enseñanza _9423 |
|
| 905 | _aLibro | ||
| 999 |
_c151000 _d151000 |
||